| 000 | 01102nam a22002295i 4500 | ||
|---|---|---|---|
| 001 | 98647 | ||
| 003 | ES-MaACL | ||
| 005 | 20250824074916.0 | ||
| 007 | t| | ||
| 008 | 950918s1878 sp ||||1| spa d | ||
| 040 |
_aCAM _bspa _cCAM |
||
| 100 | 1 |
_aEguilaz, Luis de. _946758 |
|
| 245 | 1 | 3 |
_aEl salto del pasiego _b: zarzuela melodramática en tres actos y ocho cuadros / _cobra póstuma de Luis de Eguilaz ; música del maestro Manuel Fernández Caballero. |
| 260 |
_aMadrid : _bAlonso Gullón, _c1878 ( _fImpr. de José Rodriguez) |
||
| 300 |
_a137, [6] p. ; _c20 cm. |
||
| 490 | 1 | _aEl Teatro: colección de obras dramáticas y líricas | |
| 700 | 1 |
_aFernández Caballero, Manuel. _949531 |
|
| 830 | 0 | 3 |
_aEl teatro: colección de obras dramática y líricas _9221753 |
| 852 |
_aES-MaACL _jD-2993(1) _q. - Encuadernado con otras obras |
||
| 852 |
_aES-MaACL _jB-8570(6) _z.- Enc. pasta española _q.- Falto de la cub. original _z.- Enc. en un vol. facticio, formando parte de la col. "Teatro español moderno", vol. 23 _z.- Firma ms. de Gustavo Saenz Diez |
||
| 999 |
_c98647 _d98647 |
||